| LEADER 00000nam a2200000Ia 4500 |
| 001 13399120743 |
| 003 BCNR |
| 008 110907s2553 th a 000 0 tha d |
| 020 ^a9786162230165
|
| 060 04 ^aWA540.JT3^bร852 2553
|
| 245 00 ^aเรื่องเล่า พย.สสส. 2553^nเล่ม 1 /^cผู้รวบรวมและบรรณาธิการ,วัลลา ตันตโยทัย
|
| 250 ^aพิมพ์ครั้งที่ 1
|
| 260 ^aกรุงเทพฯ :^bสำนักงานกองทุนสนับสนุนการสร้างเสริมสุขภาพ,^c2553
|
| 300 ^a185 หน้า :^bภาพประกอบ ;^c22 ซม.
|
| 650 4 ^aการสร้างเสริมสุขภาพ
|
| 650 4 ^aพฤติกรรมสุขภาพ
|
| 650 4 ^aสุขภาพ
|
| 650 4 ^aองค์กรสร้างเสริมสุขภาพ
|
| 700 0 ^aวัลลา ตันตโยทัย,^eบรรณาธิการ
|
| 710 2 ^aสำนักงานกองทุนสนับสนุนการสร้างเสริมสุขภาพ
|
| 999 ^aบรรณารักษ์
|